[Event "I Open A"]
[Site "Pedavena ITA"]
[Date "2005.08.05"]
[Round "4"]
[White "Quaranta, Cristiano"]
[Black "Pojer, Romeo"]
[Result "0-1"]
[WhiteElo "2026"]
[BlackElo "2160"]
[PlyCount "72"]
[EventDate "2005.08.03"]

1. d4 Nf6 2. Bg5 Ne4 3. Bf4 c5 4. f3 Nf6 5. d5 d6 6. c4 g6 7. Nc3 Bg7 8. e4 O-O
9. Qd2 a6 10. Be2 Nbd7 11. Nh3 Ne5 12. Nf2 Qa5 13. Qc1 b5 14. Bxe5 dxe5 15. O-O
Rb8 16. b3 Ne8 17. Ncd1 Qb6 18. Qe3 Nd6 19. Nb2 Bd7 20. Rac1 Rfc8 21. Nfd3 f5
22. Kh1 f4 23. Qf2 b4 24. Rfd1 a5 25. Ra1 a4 26. Qe1 a3 27. Na4 Bxa4 28. bxa4
Nxc4 29. Nxf4 Nd6 30. Ne6 c4 31. Nxg7 Kxg7 32. Rdc1 b3 33. axb3 cxb3 34. Rxa3
Rxc1 35. Qxc1 b2 36. Qb1 Rc8 0-1

[Event "I Open A"]
[Site "Pedavena ITA"]
[Date "2005.08.05"]
[Round "4"]
[White "Quaranta, Gaetano"]
[Black "Occari, Maurizio"]
[Result "0-1"]
[WhiteElo "1631"]
[BlackElo "2124"]
[PlyCount "56"]
[EventDate "2005.08.03"]

1. e4 c5 2. d4 cxd4 3. c3 dxc3 4. Nxc3 e6 5. Nf3 Bb4 6. Bc4 Qc7 7. Qe2 b5 8.
Bxb5 Bxc3+ 9. Nd2 Ba5 10. O-O Nc6 11. Nf3 Nge7 12. b3 Bc3 13. Bb2 Bxb2 14. Qxb2
O-O 15. Rac1 Bb7 16. Rfd1 Qb6 17. Bc4 d5 18. exd5 Nxd5 19. h3 Rad8 20. Ng5 h6
21. Ne4 Nce7 22. Ng3 Nf4 23. Re1 Bxg2 24. Qe5 Neg6 25. Qc3 Nh4 26. Be2 Nxh3+
27. Kh2 Qxf2 28. Nh5 Bf1+ 0-1

[Event "I Open A"]
[Site "Pedavena ITA"]
[Date "2005.08.05"]
[Round "4"]
[White "Ranfagni, Stefano"]
[Black "Reginato, Sabrina"]
[Result "1-0"]
[WhiteElo "1934"]
[BlackElo "1670"]
[PlyCount "53"]
[EventDate "2005.08.03"]

1. e4 c5 2. Nc3 d6 3. g3 Nf6 4. Bg2 e5 5. Nge2 Nc6 6. O-O Bg4 7. h3 Be6 8. d3
Qc8 9. Kh2 Be7 10. f4 exf4 11. Nxf4 O-O 12. Nce2 Rd8 13. Nxe6 fxe6 14. Nf4 d5
15. exd5 exd5 16. c3 Qd7 17. h4 Bd6 18. Bh3 Qe7 19. Re1 Be5 20. d4 cxd4 21.
cxd4 Nxd4 22. Qxd4 Bxd4 23. Rxe7 Re8 24. Be6+ Kf8 25. Rf7+ Kg8 26. Rxf6+ Kh8
27. Rf7 1-0

[Event "I Open A"]
[Site "Pedavena ITA"]
[Date "2005.08.05"]
[Round "4"]
[White "Sottroi, Carlo"]
[Black "Stiz, Massimiliano"]
[Result "1/2-1/2"]
[WhiteElo "1802"]
[BlackElo "1886"]
[PlyCount "76"]
[EventDate "2005.08.03"]

1. e4 e6 2. d4 d5 3. exd5 exd5 4. Bd3 Nc6 5. c3 Nf6 6. Ne2 Bd6 7. Bf4 Bxf4 8.
Nxf4 O-O 9. O-O Qd6 10. Nh5 Ng4 11. Ng3 h5 12. h3 h4 13. hxg4 hxg3 14. Qf3
gxf2+ 15. Kxf2 Qh6 16. Qg3 Qf6+ 17. Kg1 Qg5 18. Na3 Qxg4 19. Qh2 g6 20. Rf4 Qg5
21. Rh4 Bf5 22. Bxf5 gxf5 23. Rh3 f4 24. Rh5 Qg6 25. Qh4 f6 26. Rh6 Qg7 27.
Qxf4 Ne7 28. Rh3 Ng6 29. Qf3 c6 30. Nc2 Kf7 31. Re1 Rae8 32. Rf1 Rh8 33. Ne3
Rxh3 34. Qxh3 Re6 35. Nf5 Qh8 36. Qg3 Qd8 37. Nh6+ Kg7 38. Qh3 Qh8 1/2-1/2

[Event "I Open A"]
[Site "Pedavena ITA"]
[Date "2005.08.05"]
[Round "4"]
[White "Starostits, Ilmars"]
[Black "Gromovs, Sergejs"]
[Result "0-1"]
[WhiteElo "2474"]
[BlackElo "2375"]
[PlyCount "150"]
[EventDate "2005.08.03"]

1. e4 c5 2. Nc3 Nc6 3. g3 g6 4. Bg2 Bg7 5. d3 e6 6. f4 Nge7 7. Nf3 O-O 8. O-O
f5 9. e5 d6 10. exd6 Qxd6 11. Re1 a6 12. Na4 Nd5 13. Bd2 b5 14. Nc3 Bb7 15. Qe2
Nd4 16. Nxd4 Bxd4+ 17. Kh1 Rfe8 18. Nd1 Bc6 19. Qf1 a5 20. Rb1 a4 21. a3 Rab8
22. c3 Bf6 23. Ne3 Nc7 24. Rbd1 Bxg2+ 25. Qxg2 Rbd8 26. Bc1 Nd5 27. Nc4 bxc4
28. dxc4 Nxf4 29. Rxd6 Nxg2 30. Rxd8 Rxd8 31. Kxg2 e5 32. Be3 e4 33. Kf2 Be7
34. Ke2 Kf7 35. Rb1 Rb8 36. Kd2 Ke6 37. Kc2 g5 38. Rd1 Rf8 39. b4 axb3+ 40.
Kxb3 f4 41. Bc1 e3 42. Re1 Bd6 43. h4 h6 44. hxg5 hxg5 45. gxf4 gxf4 46. a4 Be5
47. Kc2 Ra8 48. Kb3 Rg8 49. Ba3 Kd6 50. a5 Kc6 51. a6 Ra8 52. Kc2 Rxa6 53. Bc1
Rb6 54. Rg1 Rb7 55. Rg5 Bd6 56. Kd3 Rb1 57. Rg1 Rb3 58. Kc2 Rb7 59. Kd3 Re7 60.
Ke2 Re6 61. Kf3 Be5 62. Bb2 Rh6 63. Ke4 Bd6 64. Bc1 Rh2 65. Kd3 Rf2 66. Re1 Be5
67. Rh1 e2 68. Bd2 f3 69. Rh5 Bf4 70. Be1 Rf1 71. Ke4 Rxe1 72. Kxf3 Rc1 73.
Kxe2 Rxc3 74. Rh4 Rxc4 75. Kd3 Rd4+ 0-1

[Event "I Open A"]
[Site "Pedavena ITA"]
[Date "2005.08.05"]
[Round "4"]
[White "Xia, Jie"]
[Black "Castellano, Alfonso"]
[Result "1-0"]
[WhiteElo "2121"]
[BlackElo "1928"]
[PlyCount "59"]
[EventDate "2005.08.03"]

1. e4 c5 2. Nf3 d6 3. d4 cxd4 4. Nxd4 Nf6 5. f3 a6 6. c4 g6 7. Be3 Bg7 8. Be2
Nc6 9. Qd2 O-O 10. O-O Re8 11. Nc3 Bd7 12. Nc2 Qa5 13. Rab1 Ne5 14. Rfc1 Rac8
15. b4 Qd8 16. Na3 Be6 17. Nd5 Nxd5 18. cxd5 Bd7 19. h3 f5 20. f4 Nf7 21. Nc4
Bb5 22. Nb6 Rc7 23. Rxc7 Qxc7 24. Rc1 Qb8 25. exf5 gxf5 26. Bh5 Rf8 27. Qf2 Nh6
28. Bd4 Bxd4 29. Qxd4 a5 30. Rc3 1-0

[Event "I Open A"]
[Site "Pedavena ITA"]
[Date "2005.08.05"]
[Round "5"]
[White "Andolfatto, Biagio"]
[Black "Chiesura, Luca"]
[Result "1-0"]
[WhiteElo "1684"]
[BlackElo "1470"]
[PlyCount "71"]
[EventDate "2005.08.03"]

1. c4 Nf6 2. d4 d5 3. cxd5 Qxd5 4. Nc3 Qd8 5. e4 c6 6. Be2 e6 7. a3 Be7 8. Nf3
O-O 9. O-O h6 10. h3 Qc7 11. Be3 Rd8 12. Qc2 Bd7 13. Rac1 a6 14. Rfd1 Be8 15.
Qb3 Nbd7 16. d5 Nc5 17. Bxc5 Bxc5 18. dxe6 Bd6 19. exf7+ Bxf7 20. Bc4 Bxc4 21.
Qxc4+ Kf8 22. Nd4 Re8 23. Ne6+ Rxe6 24. Qxe6 Re8 25. Qxd6+ Qe7 26. Qxe7+ Rxe7
27. Rd8+ Kf7 28. f3 Nh5 29. Kf2 Ke6 30. Rcd1 Nf4 31. Ne2 Ng6 32. Nd4+ Kf6 33.
Nf5 Re6 34. R1d7 b5 35. Rxg7 h5 36. Rdg8 1-0

[Event "I Open A"]
[Site "Pedavena ITA"]
[Date "2005.08.05"]
[Round "5"]
[White "Basso, Piergiorgio"]
[Black "Ranfagni, Stefano"]
[Result "1-0"]
[WhiteElo "1712"]
[BlackElo "1934"]
[PlyCount "133"]
[EventDate "2005.08.03"]

1. e4 e6 2. d4 d5 3. e5 c5 4. c3 Nc6 5. Nf3 Bd7 6. Bd3 cxd4 7. cxd4 Rc8 8. Nc3
Bb4 9. O-O h6 10. Bc2 Na5 11. Ba4 Bxc3 12. bxc3 b5 13. Bb3 Rxc3 14. Bd2 Rc8 15.
Bb4 Nc4 16. Nd2 Ne7 17. a4 Nc6 18. Bc5 N6a5 19. Bxc4 dxc4 20. Ne4 Nb7 21. axb5
Bxb5 22. Rxa7 Bc6 23. Rxb7 Bxb7 24. Nd6+ Kd7 25. Nxb7 Qg8 26. Qf3 f5 27. exf6
gxf6 28. Qxf6 Rh7 29. Nd6 Qd8 30. Qxd8+ Rxd8 31. Nxc4 Kc6 32. Re1 Re8 33. f4 h5
34. f5 Rh6 35. Rxe6+ Rexe6 36. fxe6 Rxe6 37. Kf2 Re8 38. Kg3 Rg8+ 39. Kf3 Rg7
40. Ne5+ Kd5 41. g3 Rb7 42. Kf4 Rb2 43. Nf3 Rf2 44. Bf8 Re2 45. Bg7 Re7 46. Be5
Rf7+ 47. Ke3 Rb7 48. h4 Rb3+ 49. Kf4 Ra3 50. Ne1 Ra1 51. Nd3 Rf1+ 52. Kg5 Ke6
53. Nf4+ Kf7 54. Nxh5 Rb1 55. Nf4 Ra1 56. h5 Ra8 57. g4 Kg8 58. Ne6 Re8 59. Kf6
Kh7 60. d5 Rg8 61. Ng5+ Kh6 62. Nf7+ Kh7 63. g5 Rf8 64. g6+ Kg8 65. h6 Rxf7+
66. gxf7+ Kh7 67. f8=N+ 1-0

[Event "I Open A"]
[Site "Pedavena ITA"]
[Date "2005.08.05"]
[Round "5"]
[White "Castellano, Alfonso"]
[Black "Fracasso Pezzolato, Michele"]
[Result "1-0"]
[WhiteElo "1928"]
[BlackElo "1814"]
[PlyCount "51"]
[EventDate "2005.08.03"]

1. c4 Nf6 2. Nc3 g6 3. g3 Bg7 4. Bg2 d6 5. e4 e5 6. Nge2 Nc6 7. d3 O-O 8. O-O
Ne8 9. Be3 f5 10. d4 f4 11. gxf4 exd4 12. Nxd4 Nxd4 13. Bxd4 Rxf4 14. Nd5 Rf8
15. Bxg7 Nxg7 16. Qd2 Be6 17. Rac1 g5 18. Rc3 Nh5 19. f4 gxf4 20. Qd1 f3 21.
Rcxf3 Rxf3 22. Qxf3 Bxd5 23. exd5 Qg5 24. Kh1 Kh8 25. Bh3 Ng7 26. Qf8+ 1-0

[Event "I Open A"]
[Site "Pedavena ITA"]
[Date "2005.08.05"]
[Round "5"]
[White "Cecchetto, Vanni"]
[Black "Maniero, Andrea"]
[Result "1/2-1/2"]
[WhiteElo "2019"]
[BlackElo "1898"]
[PlyCount "29"]
[EventDate "2005.08.03"]

1. Nf3 d5 2. d4 Nf6 3. c4 c6 4. Nc3 e6 5. Bg5 Nbd7 6. e3 Be7 7. Rc1 O-O 8. Bd3
dxc4 9. Bxc4 Nd5 10. Bxe7 Qxe7 11. O-O Nxc3 12. Rxc3 e5 13. dxe5 Nxe5 14. Nxe5
Qxe5 15. Qf3 1/2-1/2

[Event "I Open A"]
[Site "Pedavena ITA"]
[Date "2005.08.05"]
[Round "5"]
[White "Chinello, Gianmarco"]
[Black "Brunelli, Giovanni"]
[Result "1-0"]
[WhiteElo "2070"]
[BlackElo "1938"]
[PlyCount "45"]
[EventDate "2005.08.03"]

1. e4 c5 2. f4 d6 3. Nf3 Nc6 4. Bb5 Bd7 5. O-O Qb6 6. Be2 Nf6 7. Nc3 Nd4 8. Kh1
Nxe2 9. Qxe2 e6 10. d3 O-O-O 11. a3 Bc6 12. Bd2 h5 13. b4 d5 14. e5 Ng8 15. b5
Be8 16. Rfb1 Nh6 17. Na4 Qc7 18. b6 axb6 19. Nxb6+ Kb8 20. a4 Bc6 21. a5 Qe7
22. a6 Kc7 23. a7 1-0

[Event "I Open A"]
[Site "Pedavena ITA"]
[Date "2005.08.05"]
[Round "5"]
[White "Cortina, Federico"]
[Black "Zarpellon, Daniel"]
[Result "1-0"]
[WhiteElo "1868"]
[BlackElo "2015"]
[PlyCount "93"]
[EventDate "2005.08.03"]

1. d4 f5 2. g3 Nf6 3. Bg2 e6 4. Nf3 Be7 5. O-O O-O 6. c4 d5 7. b3 c6 8. Ba3
Bxa3 9. Nxa3 Nbd7 10. Nc2 Ne4 11. Nce1 g5 12. Nd3 Kh8 13. Nfe5 Nd6 14. f3 f4
15. Bh3 Nf5 16. Bxf5 Rxf5 17. c5 Nxe5 18. Nxe5 Qc7 19. Qd3 Bd7 20. b4 Be8 21.
a4 a6 22. Kg2 Qg7 23. Qc3 Rf8 24. e3 Bg6 25. Ra2 h5 26. Kf2 Qh7 27. Rfa1 Rf6
28. b5 Raf8 29. exf4 gxf4 30. Kg2 Be8 31. bxa6 bxa6 32. Rb2 Rg8 33. Rab1 fxg3
34. hxg3 h4 35. g4 Qh6 36. Qd2 Qf8 37. Rb7 Bh5 38. Kh3 Bxg4+ 39. fxg4 Rf3+ 40.
Nxf3 Qxf3+ 41. Kh2 Qg3+ 42. Kh1 Qh3+ 43. Qh2 Qf3+ 44. Qg2 Qxg2+ 45. Kxg2 Rxg4+
46. Kh3 Rxd4 47. Re7 1-0

[Event "I Open A"]
[Site "Pedavena ITA"]
[Date "2005.08.05"]
[Round "5"]
[White "Drezzadore, Dario"]
[Black "Celotto, Carlo"]
[Result "1-0"]
[WhiteElo "2019"]
[BlackElo "1840"]
[PlyCount "35"]
[EventDate "2005.08.03"]

1. e4 c5 2. d4 cxd4 3. c3 dxc3 4. Nxc3 e6 5. Nf3 Bb4 6. Qd4 Bxc3+ 7. Qxc3 f6 8.
Bf4 Nc6 9. O-O-O Qa5 10. Qb3 Qb4 11. Qc2 Qa5 12. a3 a6 13. Bd3 b5 14. e5 Nge7
15. exf6 gxf6 16. Bd2 Qb6 17. Rhe1 Bb7 18. b4 {...} 1-0

[Event "I Open A"]
[Site "Pedavena ITA"]
[Date "2005.08.05"]
[Round "5"]
[White "Efimov, Igor"]
[Black "Gromovs, Sergejs"]
[Result "1-0"]
[WhiteElo "2401"]
[BlackElo "2375"]
[PlyCount "83"]
[EventDate "2005.08.03"]

1. d4 Nf6 2. c4 g6 3. Nf3 Bg7 4. g3 O-O 5. Bg2 d6 6. O-O c6 7. Nc3 Qc7 8. h3
Nbd7 9. e4 e5 10. Be3 Re8 11. d5 c5 12. Ne1 a6 13. a4 Rf8 14. Nd3 Ne8 15. Qd2
f5 16. f4 Rf7 17. Rae1 Qd8 18. Kh2 Qe7 19. fxe5 Nxe5 20. Nxe5 Bxe5 21. Bf4 Bxf4
22. gxf4 fxe4 23. Nxe4 Qf8 24. Ng5 Rf6 25. b4 cxb4 26. Qxb4 h6 27. Ne6 Qf7 28.
Qb2 Ng7 29. Nxg7 Qxg7 30. Re8+ Rf8 31. Rxf8+ Qxf8 32. a5 Bf5 33. Qxb7 Bd3 34.
Rf3 Rb8 35. Qxa6 Be4 36. Rf2 Bxg2 37. Kxg2 Rb3 38. Re2 g5 39. Qc6 gxf4 40. Re8
f3+ 41. Kf1 Rb1+ 42. Kf2 1-0

[Event "I Open A"]
[Site "Pedavena ITA"]
[Date "2005.08.05"]
[Round "5"]
[White "Fragni, Enrico"]
[Black "Bini, Lorenzo"]
[Result "0-1"]
[WhiteElo "1861"]
[BlackElo "2009"]
[PlyCount "132"]
[EventDate "2005.08.03"]

1. d4 b6 2. e4 Bb7 3. f3 d6 4. Be3 Nf6 5. Bd3 c5 6. c3 Nc6 7. Ne2 e6 8. O-O Be7
9. Nd2 O-O 10. Ng3 cxd4 11. cxd4 Nb4 12. Bb1 Ba6 13. Re1 Nd3 14. Bxd3 Bxd3 15.
Nb3 Ba6 16. Qd2 d5 17. e5 Nd7 18. f4 f5 19. Rec1 Rc8 20. Rxc8 Qxc8 21. Rc1 Qb7
22. Rc2 Rc8 23. Qc1 Rxc2 24. Qxc2 g6 25. Nf1 Nb8 26. a3 Nc6 27. Nfd2 Bb5 28.
Kf2 Kf7 29. g3 a5 30. Qc3 a4 31. Na1 Na5 32. Nc2 Qc6 33. Qxc6 Nxc6 34. Ke1 Bd3
35. Kd1 b5 36. Ne1 Be4 37. Nxe4 fxe4 38. Nc2 Na5 39. Bc1 Nb3 40. Be3 Ke8 41.
Nb4 Kd7 42. Kc2 Bd8 43. h4 h5 44. Na6 Bb6 45. Kc3 Ba5+ 46. Nb4 Kc7 47. Kc2 Bb6
48. Kc3 Na5 49. Na6+ Kb7 50. Nc5+ Bxc5 51. dxc5 Kc6 52. Bf2 Nb3 53. Be3 Nxc5
54. Kb4 Nb3 55. Kc3 Na5 56. Kd4 Nc4 57. Bc1 Kb6 58. g4 hxg4 59. h5 gxh5 60. f5
exf5 61. Kxd5 e3 62. Bxe3+ Nxe3+ 63. Kd4 Nc4 64. e6 Kc7 65. b3 axb3 66. a4 bxa4
0-1

[Event "I Open A"]
[Site "Pedavena ITA"]
[Date "2005.08.05"]
[Round "5"]
[White "Gaido, Paolo"]
[Black "Quaranta, Cristiano"]
[Result "0-1"]
[WhiteElo "2114"]
[BlackElo "2026"]
[PlyCount "70"]
[EventDate "2005.08.03"]

1. Nf3 Nf6 2. c4 g6 3. g3 Bg7 4. Bg2 O-O 5. O-O c6 6. d4 d6 7. Nc3 Nbd7 8. h3
e5 9. e4 exd4 10. Nxd4 a5 11. Be3 Re8 12. Qc2 Nc5 13. Rad1 Qe7 14. Rfe1 Qc7 15.
Ndb5 cxb5 16. Nxb5 Qe7 17. Nxd6 Na6 18. Bg5 h6 19. e5 hxg5 20. exf6 Qxe1+ 21.
Rxe1 Rxe1+ 22. Kh2 Bxf6 23. Bd5 Be6 24. Bxb7 Rb8 25. b3 Nb4 26. Qd2 Ra1 27. Ne4
Bg7 28. Nc5 Rxa2 29. Qd6 Re8 30. Ne4 Bf5 31. Nxg5 Rxf2+ 32. Kg1 Nd3 33. Be4 Rd2
34. Qd5 Be6 35. Nxe6 Rxe6 0-1

[Event "I Open A"]
[Site "Pedavena ITA"]
[Date "2005.08.05"]
[Round "5"]
[White "Gamberini, Davide"]
[Black "Cipolotti, Piersilvio"]
[Result "1-0"]
[WhiteElo "1862"]
[BlackElo "1700"]
[PlyCount "97"]
[EventDate "2005.08.03"]

1. e4 Nc6 2. d4 e5 3. Nf3 exd4 4. Bc4 Bc5 5. c3 d3 6. O-O Nge7 7. b4 Bb6 8. a4
a6 9. Ng5 O-O 10. Qh5 h6 11. Nxf7 Rxf7 12. Bxf7+ Kf8 13. Bc4 d5 14. exd5 Nxd5
15. Bxd5 Qf6 16. Be3 Ne7 17. Bxb6 cxb6 18. Nd2 Nxd5 19. Qxd5 Be6 20. Qxb7 Qd8
21. Rfe1 Bd5 22. Re8+ Kxe8 23. Qxg7 Qe7 24. Qxe7+ Kxe7 25. Re1+ Kf7 26. Re3 Bc6
27. Rxd3 Bxa4 28. f3 a5 29. Rd6 axb4 30. cxb4 b5 31. Rxh6 Rd8 32. Ne4 Rd1+ 33.
Kf2 Rb1 34. Nc3 Rb2+ 35. Kg3 Bc2 36. Nxb5 Rxb4 37. Nc3 Rb2 38. Ne4 Bd3 39. Rd6
Bb1 40. h4 Ke7 41. Rd2 Rb3 42. h5 Re3 43. Kf4 Re1 44. g4 Kf7 45. Rd7+ Kf8 46.
h6 Bxe4 47. fxe4 Kg8 48. e5 Rf1+ 49. Kg5 1-0

[Event "I Open A"]
[Site "Pedavena ITA"]
[Date "2005.08.05"]
[Round "5"]
[White "Moi, Roberto"]
[Black "Starostits, Ilmars"]
[Result "0-1"]
[WhiteElo "2010"]
[BlackElo "2474"]
[PlyCount "90"]
[EventDate "2005.08.03"]

1. d4 d5 2. c4 c6 3. Nf3 dxc4 4. a4 Nf6 5. Nc3 Bf5 6. Ne5 Nbd7 7. Nxc4 Nd5 8.
f3 e5 9. e4 Nxc3 10. bxc3 Be6 11. Rb1 Qc7 12. Be2 Rd8 13. Qc2 Bxc4 14. Bxc4 Nb6
15. Ba2 exd4 16. cxd4 Rxd4 17. Be3 Rd7 18. Kf2 Bd6 19. Rbd1 O-O 20. Rd3 Rfd8
21. Rhd1 Bxh2 22. Rxd7 Rxd7 23. Rxd7 Bg3+ 24. Ke2 Qxd7 25. a5 Nc8 26. Qc5 a6
27. Qg5 Bc7 28. Bd2 Ne7 29. Bc3 Ng6 30. Bc4 Qe7 31. Qf5 Nf4+ 32. Kf1 Ne6 33.
Qg4 Qd7 34. f4 h5 35. Qxh5 Nxf4 36. Qf3 c5 37. e5 Qf5 38. Qxb7 Nd3+ 39. Ke2
Nxe5 40. Bxa6 Qc2+ 41. Bd2 Bxa5 42. Qc8+ Kh7 43. Qh3+ Kg6 44. Qg3+ Kf6 45. Qf4+
Ke6 0-1

[Event "I Open A"]
[Site "Pedavena ITA"]
[Date "2005.08.05"]
[Round "5"]
[White "Navarro, Stefano"]
[Black "Navarro, Emanuele"]
[Result "1-0"]
[WhiteElo "2209"]
[BlackElo "2158"]
[PlyCount "130"]
[EventDate "2005.08.03"]

1. e4 d6 2. d4 Nf6 3. Nc3 g6 4. Bg5 Nbd7 5. Qd2 c6 6. f4 h6 7. Bh4 Nh5 8. Nf3
Qa5 9. e5 g5 10. fxg5 dxe5 11. g6 fxg6 12. O-O-O e4 13. Nxe4 Qxa2 14. Qe3 Qa1+
15. Kd2 Qa5+ 16. c3 Qc7 17. g4 Nf4 18. Bg3 g5 19. h4 e5 20. dxe5 Qb6 21. Qxb6
Nxb6 22. hxg5 Nfd5 23. Rh4 Be6 24. Bd3 O-O-O 25. Nd4 Nc7 26. Nd6+ Kb8 27. Nxe6
Nxe6 28. Nf7 Be7 29. Kc2 Bxg5 30. Rhh1 Nd5 31. Nxh8 Ne3+ 32. Kb1 Nxd1 33. Rxd1
Rxh8 34. Rf1 Re8 35. Bc4 Re7 36. Rf6 Nd8 37. Rf8 Kc8 38. e6 b5 39. Bd3 Rg7 40.
Be5 Re7 41. Bd6 Rxe6 42. Bf5 Kd7 43. Bb4 c5 44. Ba5 Nc6 45. Bxe6+ Kxe6 46. Bc7
b4 47. Rf5 bxc3 48. bxc3 Be3 49. Bf4 Bxf4 50. Rxf4 Ne5 51. Kc2 Kd5 52. Kd2 a5
53. Ke3 Nc4+ 54. Kd3 Ne5+ 55. Kc2 a4 56. Kb1 c4 57. Ka2 Nd3 58. Rd4+ Kc6 59.
Ka3 Nc1 60. Rd2 Nb3 61. Rh2 Kd5 62. Rxh6 Ke4 63. Kxa4 Kd3 64. Kb4 Nd2 65. Rd6+
Ke3 1-0

[Event "I Open A"]
[Site "Pedavena ITA"]
[Date "2005.08.05"]
[Round "5"]
[White "Occari, Maurizio"]
[Black "Pomaro, Alberto"]
[Result "0-1"]
[WhiteElo "2124"]
[BlackElo "1943"]
[PlyCount "88"]
[EventDate "2005.08.03"]

1. e4 e6 2. d4 d5 3. exd5 exd5 4. c4 Nf6 5. Nc3 Be6 6. c5 Be7 7. Bf4 c6 8. Bd3
O-O 9. h3 Nbd7 10. Nf3 Re8 11. O-O Nf8 12. b4 Qc8 13. Ne5 N8d7 14. Bc2 Nxe5 15.
Bxe5 Bf5 16. b5 Bxc2 17. Qxc2 Nd7 18. Bg3 Bd8 19. Rfe1 Rxe1+ 20. Rxe1 Bc7 21.
Bxc7 Qxc7 22. Re7 Qd8 23. Qe2 Kf8 24. Re3 Nf6 25. Qb2 Qc7 26. Qa3 Qd8 27. Qa4
Qc8 28. a3 Nh5 29. Na2 cxb5 30. Qxb5 Qc6 31. Qb3 a5 32. Nc3 Nf6 33. Re5 Rd8 34.
Nb5 Ne8 35. a4 Qd7 36. Qa3 Qc6 37. Na7 Qc7 38. c6+ Nd6 39. cxb7 Qxb7 40. Qc5
Qb4 41. Qc7 Re8 42. Nc6 Qa3 43. Rxe8+ Nxe8 44. Qe5 Qc1+ 0-1

[Event "I Open A"]
[Site "Pedavena ITA"]
[Date "2005.08.05"]
[Round "5"]
[White "Okhotnik, Vladimir"]
[Black "Inkiov, Ventzislav V."]
[Result "1/2-1/2"]
[WhiteElo "2404"]
[BlackElo "2472"]
[PlyCount "22"]
[EventDate "2005.08.03"]

1. e4 e5 2. Nf3 Nc6 3. Nc3 Nf6 4. a3 d5 5. exd5 Nxd5 6. Bb5 Nxc3 7. bxc3 Bd6 8.
d4 exd4 9. cxd4 O-O 10. h3 Qe7+ 11. Be2 Re8 1/2-1/2

[Event "I Open A"]
[Site "Pedavena ITA"]
[Date "2005.08.05"]
[Round "5"]
[White "Pojer, Romeo"]
[Black "Cacco, Christian"]
[Result "0-1"]
[WhiteElo "2160"]
[BlackElo "2348"]
[PlyCount "106"]
[EventDate "2005.08.03"]

1. e4 g6 2. d4 Bg7 3. Nc3 d6 4. Be3 a6 5. Nf3 Nf6 6. Qd2 b5 7. Bd3 Ng4 8. Bg5
h6 9. Bh4 Bb7 10. h3 Nf6 11. e5 b4 12. Ne2 Nd5 13. e6 fxe6 14. Bxg6+ Kd7 15. c4
bxc3 16. bxc3 Nb6 17. Nf4 Qf8 18. Qe3 Bd5 19. Bd3 Qf7 20. Nxd5 Nxd5 21. Qe4 Nc6
22. c4 Nf4 23. O-O Rhf8 24. Rae1 Rab8 25. Bg3 Nxd3 26. Qxd3 Qf5 27. Qc3 Rb4 28.
Rc1 Rfb8 29. Rfd1 Rb1 30. d5 Nd8 31. Kh2 Rxc1 32. Qxc1 Rb2 33. Rd2 Qb1 34. Qxb1
Rxb1 35. c5 exd5 36. cxd6 cxd6 37. Rxd5 Rb5 38. Rd2 Nc6 39. Bf4 e5 40. Bg3 d5
41. Nh4 Bf6 42. Nf5 Ke6 43. Ne3 d4 44. Nc4 Rc5 45. Nb2 e4 46. Re2 Kd5 47. f3 e3
48. Nd3 Rc3 49. Nf4+ Kc4 50. Be1 Be5 51. g3 Bxf4 52. Bxc3 Kxc3 53. gxf4 Kd3 0-1

[Event "I Open A"]
[Site "Pedavena ITA"]
[Date "2005.08.05"]
[Round "5"]
[White "Pol, Fabio"]
[Black "Carlassara, Renato"]
[Result "1-0"]
[WhiteElo "1688"]
[BlackElo "1772"]
[PlyCount "61"]
[EventDate "2005.08.03"]

1. d4 d5 2. Bg5 Nf6 3. c3 Bf5 4. Nd2 e6 5. e3 Be7 6. Ngf3 c5 7. Bb5+ Nc6 8. Ne5
Qb6 9. Qa4 Rc8 10. O-O a6 11. Bxc6+ bxc6 12. dxc5 Bxc5 13. b4 Bd6 14. Ndf3 h6
15. Bf4 Ne4 16. Rac1 Qb5 17. Qd1 g5 18. Nd4 Qb7 19. Nxf5 exf5 20. f3 gxf4 21.
fxe4 Bxe5 22. exf4 Bf6 23. exf5 Rc7 24. Qh5 Re7 25. g4 Qa7+ 26. Kh1 Re3 27. g5
hxg5 28. Qg4 gxf4 29. Rxf4 Be5 30. f6 Bxf4 31. Qc8# 1-0

[Event "I Open A"]
[Site "Pedavena ITA"]
[Date "2005.08.05"]
[Round "5"]
[White "Quaranta, Gaetano"]
[Black "Sottroi, Carlo"]
[Result "0-1"]
[WhiteElo "1631"]
[BlackElo "1802"]
[PlyCount "70"]
[EventDate "2005.08.03"]

1. e4 e6 2. d4 d5 3. e5 c5 4. c3 Nc6 5. Nf3 Qb6 6. Bd3 Bd7 7. O-O cxd4 8. cxd4
Nxd4 9. Nxd4 Qxd4 10. Nc3 Qb6 11. Re1 Ne7 12. b3 Nc6 13. Bb2 a6 14. Rc1 Qd8 15.
a3 Be7 16. Qc2 Bg5 17. Rb1 Rc8 18. Bxh7 Bf4 19. g3 Qg5 20. Bd3 Bxe5 21. Qe2 Kf8
22. Bc1 Qf6 23. Nd1 Nd4 24. Qe3 Nf3+ 25. Kf1 Nxe1 26. Kxe1 Rxh2 27. f4 Bd4 28.
Qf3 e5 29. Qxd5 Bc6 30. Qc4 Re8 31. f5 Rh1+ 32. Kd2 Kg8 33. a4 Qg5+ 34. Kc2
Rh2+ 35. Be2 Be4+ 0-1

[Event "I Open A"]
[Site "Pedavena ITA"]
[Date "2005.08.05"]
[Round "5"]
[White "Rossi, Gianni"]
[Black "Dussin, Davide"]
[Result "0-1"]
[WhiteElo "2108"]
[BlackElo "1706"]
[PlyCount "44"]
[EventDate "2005.08.03"]

1. d4 d5 2. e4 dxe4 3. Nc3 Nf6 4. f3 exf3 5. Nxf3 Bg4 6. h3 Bh5 7. g4 Bg6 8.
Ne5 e6 9. Qf3 c6 10. g5 Nfd7 11. Nxg6 hxg6 12. Bd3 Be7 13. Rf1 Rf8 14. Qg4 Na6
15. Be3 Qb6 16. O-O-O O-O-O 17. Qe4 Qa5 18. a3 Bxa3 19. Bxa6 Qxc3 20. Bxb7+
Kxb7 21. bxa3 Nb6 22. Rf3 Nc4 0-1

[Event "I Open A"]
[Site "Pedavena ITA"]
[Date "2005.08.05"]
[Round "5"]
[White "Schiatti, Piero"]
[Black "Dvirnyy, Danyyil"]
[Result "1/2-1/2"]
[WhiteElo "1970"]
[BlackElo "2141"]
[PlyCount "26"]
[EventDate "2005.08.03"]

1. c4 Nf6 2. Nc3 g6 3. d4 Bg7 4. e4 d6 5. Nf3 O-O 6. Be2 e5 7. O-O Nc6 8. d5
Ne7 9. Bg5 h6 10. Bxf6 Bxf6 11. b4 Bg7 12. c5 f5 13. Nd2 f4 1/2-1/2

[Event "I Open A"]
[Site "Pedavena ITA"]
[Date "2005.08.05"]
[Round "5"]
[White "Solinas, Carlo"]
[Black "Luciani, Valerio"]
[Result "0-1"]
[WhiteElo "2074"]
[BlackElo "2248"]
[PlyCount "110"]
[EventDate "2005.08.03"]

1. e4 d6 2. d4 Nf6 3. Nc3 c6 4. a4 Qc7 5. f3 e5 6. Be3 Nbd7 7. Bc4 Be7 8. Nge2
O-O 9. O-O Nb6 10. Bd3 Be6 11. b3 Rad8 12. a5 Nc8 13. a6 b6 14. d5 cxd5 15.
exd5 Nxd5 16. Nxd5 Bxd5 17. Bxh7+ Kxh7 18. Qxd5 Qxc2 19. Kf2 Qg6 20. Ra4 Rd7
21. Rc4 Qe6 22. Qa8 Rdd8 23. Rfc1 d5 24. Rc7 d4 25. Bd2 Bd6 26. Qe4+ Kg8 27.
Rb7 d3 28. Ng3 Bc5+ 29. Rxc5 bxc5 30. Qh4 Nd6 31. Re7 Nf5 32. Rxe6 Nxh4 33.
Rxe5 Rb8 34. Rh5 Ng6 35. Rxc5 Rxb3 36. Rd5 Rb6 37. Ne4 Rxa6 38. Nc5 Ra2 39.
Rxd3 Ne5 40. Rd4 Rc8 41. Nb3 Rb2 42. f4 Nc4 43. Rd3 Rxb3 44. Rxb3 Nxd2 45. Rb7
Ra8 46. Ke3 Nf1+ 47. Ke4 Nxh2 48. Kf5 Nf1 49. g4 a5 50. Ke4 a4 51. Kd3 a3 52.
Rb1 a2 53. Ra1 Ra3+ 54. Kc2 Ne3+ 55. Kb2 Ra4 0-1

[Event "I Open A"]
[Site "Pedavena ITA"]
[Date "2005.08.05"]
[Round "5"]
[White "Stiz, Massimiliano"]
[Black "Marcori, Mirko"]
[Result "0-1"]
[WhiteElo "1886"]
[BlackElo "1730"]
[PlyCount "62"]
[EventDate "2005.08.03"]

1. b3 f5 2. Bb2 Nf6 3. e3 e6 4. c4 Be7 5. f4 c6 6. Nf3 d5 7. Be2 O-O 8. O-O Bd7
9. d3 Be8 10. Ne5 Nbd7 11. Nd2 Nxe5 12. fxe5 Nd7 13. cxd5 cxd5 14. e4 dxe4 15.
dxe4 fxe4 16. Nxe4 Rxf1+ 17. Bxf1 Nc5 18. Qg4 Nxe4 19. Qxe4 Bc6 20. Qg4 Bc5+
21. Kh1 Qe7 22. Bc4 Re8 23. Rf1 a6 24. Qh3 Be4 25. a4 Bd5 26. Bd3 h6 27. Qh5
Rf8 28. Rc1 Rf2 29. Rg1 Rxb2 30. Qg6 Qf7 31. Qh7+ Kf8 0-1